Stolice Ameryki Południowej - Statystyki

Ogólne statystyki
  • Ten quiz został rozwiązany 53 razy
  • Średni wynik to 8 z 12
Statystyki odpowiedzi
Państwo Stolica % Poprawnych
Brazylia Brasilia
82%
Argentyna Buenos Aires
82%
Peru Lima
82%
Chile Santiago
82%
Kolumbia Bogota
77%
Wenezuela Caracas
73%
Urugwaj Montevideo
73%
Ekwador Quito
68%
Boliwia Sucre
64%
Surinam Paramaribo
59%
Paragwaj Asuncion
55%
Gujana Georgetown
50%
Nie znaleziono quizów pasujących do podanych kryteriów
Rozkład punktacji
Procent ludzi z każdym wynikiem
Percentyl według liczby udzielonych odpowiedzi
Twoja historia wyników
Nie rozwiązałeś tego quizu